[Event "FRA-ch Youth U16 2018"]
[Site "Agen"]
[Date "2018.04.21"]
[Round "8"]
[White "Degraeve, Remy"]
[Black "Gely, Yann"]
[Result "1-0"]
[WhiteElo "2294"]
[BlackElo "2044"]
[Annotator "NA"]
[PlyCount "83"]
[EventDate "2018.??.??"]
[EventType "swiss"]
[EventCountry "FRA"]
[SourceTitle "playchess.com"]
[Source "ChessBase"]
[SourceQuality "1"]
[TimeControl "5400+30"]

1. d4 {[%emt 0:00:00]} Nf6 {[%emt 0:01:09]} 2. c4 {[%emt 0:00:00]} e6 {[%emt 0:00:26]} 3. Nc3 {[%emt 0:00:42]} d5 {[%emt 0:00:06]} 4. cxd5 {[%emt 0:00:06]} exd5 {[%emt 0:00:08]} 5. Bg5 {[%emt 0:00:04]} Be7 {[%emt 0:00:50]} 6. e3 {[%emt 0:00:05]} c6 {[%emt 0:02:30]} 7. Bd3 {[%emt 0:01:16]} Nbd7 {[%emt 0:01:25]} 8. Nge2 {[%emt 0:00:21]} Nf8 {[%emt 0:03:10]} 9. O-O {[%emt 0:01:08]} Ne6 {[%emt 0:00:03]} 10. Bh4 {[%emt 0:00:24]} O-O {[%emt 0:00:53]} 11. Qc2 {[%emt 0:01:43]} g6 {[%emt 0:02:45]} 12. Rad1 {[%emt 0:01:40]} Ng7 {[%emt 0:01:20] LiveBook: 4 Games} 13. f3 {[%emt 0:01:45]} Re8 {[%emt 0:14:25]} 14. Kh1 {[%emt 0:01:36]} Bf5 {[%emt 0:07:14] D36: Queen's Gambit Declined: Exchange Variation: Main line (5 Bg5 c6 6 Qc2)} 15. Bf2 Bxd3 {[%emt 0:01:07]} 16. Qxd3 {[%emt 0:06:52]} (16. Rxd3 Ne6 17. e4 Ng5 18. e5 Nh5 19. g4 Ng7 20. Ng3 Qd7 21. f4 Ne4 22. f5 Nxf2+ 23. Rxf2 {1-0 (65) Macedo,M (2345)-Souza,R (2163) Natal 2016}) 16... Qc7 $146 {[%emt 0:05:04]} ({Predecessor:} 16... Bf8 17. Rde1 Ne6 18. Bh4 Be7 19. Ng1 Nh5 20. Bxe7 Qxe7 21. f4 f5 {½-½ (21) Wittfoth,K (2139)-Diotallevi,M (2016) Bad Woerishofen 2015}) 17. e4 {[%emt 0:02:39]} dxe4 {[%emt 0:02:13]} (17... a5 $11) 18. fxe4 {[%emt 0:00:13]} Rad8 {[%emt 0:01:27]} 19. Qf3 {[%emt 0:02:36]} Rf8 {[%emt 0:05:40]} 20. Bg3 {[%emt 0:02:55]} Qc8 {[%emt 0:05:46]} 21. e5 {[%emt 0:08:53]} Nd5 {[%emt 0:04:25]} 22. Nxd5 {[%emt 0:00:05]} cxd5 {[%emt 0:03:54]} 23. Bf4 {[%emt 0:04:10]} f5 {[%emt 0:03:24]} (23... f6 $11 {keeps the balance.}) 24. Bh6 {[%emt 0:00:17]} Rf7 {[%emt 0:05:06]} 25. Bxg7 {[%emt 0:01:46]} Rxg7 {[%emt 0:00:01]} 26. Rc1 {[%emt 0:00:58]} Qd7 {[%emt 0:01:31]} 27. Nf4 {[%emt 0:02:38]} Bg5 {[%emt 0:01:01]} 28. Rc5 {[%emt 0:00:06]} Bxf4 {[%emt 0:00:22]} 29. Qxf4 {[%emt 0:00:05]} Qe6 {[%emt 0:06:13]} 30. h4 {[%emt 0:03:13]} Rgd7 {[%emt 0:03:07]} 31. Rfc1 {[%emt 0:01:48]} Qe7 {[%emt 0:01:06]} 32. R1c3 {[%emt 0:00:47]} Kg7 {[%emt 0:00:41]} 33. h5 {[%emt 0:01:55]} Rf8 {[%emt 0:02:03]} 34. hxg6 {[%emt 0:02:50]} hxg6 {[%emt 0:00:10]} 35. Rh3 {[%emt 0:00:06]} g5 {[%emt 0:02:28]} 36. Qh2 {[%emt 0:00:21]} Qd8 {[%emt 0:02:21]} 37. Rh7+ {[%emt 0:00:32]} Kg8 {[%emt 0:00:02]} 38. Rh8+ {[%emt 0:00:06]} Kf7 {[%emt 0:00:06]} 39. Qh5+ {[%emt 0:00:08]} Ke6 {[%emt 0:00:42]} 40. Qg6+ {[%emt 0:00:05]} Ke7 {[%emt 0:00:14]} 41. Rh7+ {[%emt 0:00:03]} Rf7 {[%emt 0:00:08]} 42. Qxf7# {[%emt 0:00:03]} 1-0

[Event "FRA-ch Youth U16 2018"]
[Site "Agen"]
[Date "2018.04.21"]
[Round "8"]
[White "Djidjeli, Sarah"]
[Black "Grall, Alba"]
[Result "1-0"]
[WhiteElo "1903"]
[BlackElo "1855"]
[Annotator "NA"]
[PlyCount "81"]
[EventDate "2018.??.??"]
[EventType "swiss"]
[EventCountry "FRA"]
[SourceTitle "playchess.com"]
[Source "ChessBase"]
[SourceQuality "1"]
[TimeControl "5400+30"]

1. e4 {[%emt 0:00:00]} e5 {[%emt 0:00:03]} 2. Nf3 {[%emt 0:00:00]} f5 {[%emt 0:00:03]} 3. d3 {[%emt 0:10:01]} d6 {[%emt 0:00:31]} 4. Be2 {[%emt 0:01:06]} Nf6 5. Nc3 {[%emt 0:01:15]} Be7 {[%emt 0:02:57] LiveBook: 3 Games} 6. Bg5 {[%emt 0:04:28]} Nc6 {[%emt 0:00:48]} 7. Bxf6 {[%emt 0:02:36]} Bxf6 {[%emt 0:00:58]} 8. Nd5 {[%emt 0:00:25]} O-O {[%emt 0:02:55]} 9. Qd2 {[%emt 0:01:27]} Ne7 {[%emt 0:07:51]} 10. Nxf6+ {[%emt 0:02:25]} Rxf6 {[%emt 0:00:08]} 11. h3 {[%emt 0:05:53]} Ng6 {[%emt 0:04:35]} 12. g3 {[%emt 0:03:48]} Bd7 {[%emt 0:05:45]} 13. Ng5 {[%emt 0:11:16]} Qe7 {[%emt 0:10:18]} 14. O-O-O {[%emt 0:03:43]} b5 {[%emt 0:10:18]} 15. d4 $11 {[%emt 0:10:35]} exd4 {[%emt 0:09:57]} 16. Qxd4 {[%emt 0:00:26]} Rff8 {[%emt 0:00:21]} 17. f4 {[%emt 0:01:02]} fxe4 {[%emt 0:07:04]} 18. Qd5+ {[%emt 0:06:33]} Kh8 {[%emt 0:00:31]} 19. Nxe4 {[%emt 0:04:41]} Rab8 {[%emt 0:02:14]} 20. Bg4 {[%emt 0:01:31]} Qe8 {[%emt 0:07:20]} 21. Rde1 {[%emt 0:12:50]} Bc6 {[%emt 0:00:55]} 22. Qd3 {[%emt 0:01:00]} Qf7 {[%emt 0:01:34]} 23. Kb1 {[%emt 0:05:36]} Rbe8 {[%emt 0:04:39]} 24. Bf3 {[%emt 0:04:26]} Bd7 {[%emt 0:02:31]} 25. Ng5 {[%emt 0:01:44]} Qf6 {[%emt 0:00:44]} 26. h4 {[%emt 0:01:06]} Bf5 {[%emt 0:03:32]} 27. Be4 {[%emt 0:00:11]} Bxe4 {[%emt 0:00:17]} 28. Nxe4 {[%emt 0:01:39]} Qf5 {[%emt 0:00:41]} 29. h5 {[%emt 0:00:12]} Ne7 {[%emt 0:00:33]} 30. h6 {[%emt 0:00:20]} Ng8 {[%emt 0:09:29]} 31. hxg7+ {[%emt 0:00:19]} Kxg7 {[%emt 0:00:06]} 32. Qc3+ {[%emt 0:01:19]} Nf6 {[%emt 0:00:47]} 33. Qxc7+ {[%emt 0:01:03]} Rf7 {[%emt 0:03:09]} 34. Qxf7+ {[%emt 0:00:07]} Kxf7 {[%emt 0:00:14]} 35. Nxd6+ {[%emt 0:00:02]} Kg6 {[%emt 0:00:08]} 36. Nxf5 {[%emt 0:00:30]} Kxf5 {[%emt 0:00:04]} 37. Rxe8 {[%emt 0:00:09]} Nxe8 {[%emt 0:00:07]} 38. Rxh7 {[%emt 0:00:02]} Kg4 {[%emt 0:00:08]} 39. Rxa7 {[%emt 0:00:17]} Kxg3 {[%emt 0:00:05]} 40. f5 {[%emt 0:00:10]} Kg4 {[%emt 0:00:07]} 41. Rb7 {[%emt 0:00:37]} 1-0

[Event "FRA-ch Youth U16 2018"]
[Site "Agen"]
[Date "2018.04.21"]
[Round "8"]
[White "Aubert, Estee"]
[Black "Sabiani, Chjara"]
[Result "0-1"]
[WhiteElo "1892"]
[BlackElo "1723"]
[Annotator "NA"]
[PlyCount "84"]
[EventDate "2018.??.??"]
[EventType "swiss"]
[EventCountry "FRA"]
[SourceTitle "playchess.com"]
[Source "ChessBase"]
[SourceQuality "1"]
[TimeControl "5400+30"]

1. d4 {[%emt 0:00:00]} Nf6 {[%emt 0:00:06]} 2. Nf3 {[%emt 0:00:00]} g6 {[%emt 0:00:08]} 3. g3 {[%emt 0:00:00]} Bg7 {[%emt 0:00:11]} 4. Bg2 {[%emt 0:00:09]} O-O {[%emt 0:00:08]} 5. O-O {[%emt 0:00:36]} d5 {[%emt 0:00:30]} 6. c4 {[%emt 0:02:25]} c6 {[%emt 0:01:36]} 7. cxd5 {[%emt 0:02:30]} cxd5 {[%emt 0:00:21]} 8. Nc3 {[%emt 0:01:27]} Ne4 {[%emt 0:02:22]} 9. Qb3 {[%emt 0:07:30]} Nxc3 {[%emt 0:01:23]} 10. bxc3 {[%emt 0:01:05]} Nc6 {[%emt 0:01:29] LiveBook: 26 Games} 11. Nd2 {[%emt 0:05:40]} e5 {[%emt 0:13:34] D79: Fianchetto Grünfeld: Symmetrical Variation (6 0-0 c6 7 cxd5 cxd5)} (11... e6 12. e4 Na5 13. Qd1 Qc7 14. Qf3 b6 15. exd5 exd5 16. Nb3 Nxb3 17. Bf4 Nxd4 18. cxd4 Qc2 19. Rac1 Qxa2 20. Qxd5 Qxd5 21. Bxd5 {0-1 (44) Nabaty,T (2619)-Swiercz,D (2656) Gjakova 2016}) 12. Ba3 {[%emt 0:11:09]} (12. Bxd5 Na5 $17) 12... Re8 $146 {[%emt 0:00:42]} (12... exd4 $11 13. Bxf8 (13. Bxd5 Na5 $17) 13... Qxf8) ({Predecessor:} 12... Na5 13. Qxd5 Qxd5 14. Bxd5 Rd8 15. e4 exd4 16. cxd4 Bxd4 17. Rab1 Be6 18. Rb5 Bb6 19. Nb3 {½-½ (106) Eckhardt,C (2155)-Kopylov,L (2222) Germany 2008}) 13. Bxd5 {[%emt 0:08:13]} Qd7 {[%emt 0:10:48]} 14. e4 {[%emt 0:02:27]} exd4 {[%emt 0:02:13]} 15. cxd4 {[%emt 0:05:41]} Nxd4 {[%emt 0:01:10]} 16. Qd3 {[%emt 0:02:37]} Ne2+ {[%emt 0:20:31]} 17. Kh1 {[%emt 0:05:12]} (17. Qxe2 $11 Qxd5 18. exd5 Rxe2 19. Rfe1 Rxe1+ 20. Rxe1) 17... Nc3 {[%emt 0:03:58]} 18. Rae1 {[%emt 0:03:28]} b6 {[%emt 0:05:17]} 19. Nc4 {[%emt 0:19:53]} Ba6 {[%emt 0:04:56]} 20. Rc1 {[%emt 0:06:41]} Bxc4 {[%emt 0:11:00]} 21. Qxc4 {[%emt 0:01:00]} Rac8 {[%emt 0:00:10]} 22. Qb3 {[%emt 0:03:37]} Red8 {[%emt 0:09:38]} 23. Rfe1 {[%emt 0:03:46]} Bd4 {[%emt 0:02:47]} 24. Kg2 {[%emt 0:01:14]} a5 {[%emt 0:02:40]} 25. Bb2 {[%emt 0:01:58]} a4 {[%emt 0:00:55]} 26. Qb4 $19 {[%emt 0:01:48]} (26. Qa3 $15 Nxd5 27. Bxd4 Nf4+ 28. gxf4 Qxd4 29. Rcd1) 26... Nxd5 {[%emt 0:00:56]} 27. Qxd4 {[%emt 0:00:09]} Nf4+ {[%emt 0:01:25]} 28. Kf3 {[%emt 0:00:10]} Qxd4 {[%emt 0:00:20]} 29. Bxd4 {[%emt 0:00:15]} Rxc1 {[%emt 0:00:23]} 30. Rxc1 {[%emt 0:00:23]} Rxd4 {[%emt 0:00:15]} 31. Kxf4 {[%emt 0:00:08]} Rd2 {[%emt 0:00:06]} 32. f3 {[%emt 0:01:26]} Rxa2 {[%emt 0:00:16]} 33. Rb1 {[%emt 0:00:39]} a3 {[%emt 0:00:33]} 34. Rxb6 {[%emt 0:00:36]} Rxh2 {[%emt 0:00:05]} 35. Ra6 {[%emt 0:00:07]} a2 {[%emt 0:00:08]} 36. Ke5 {[%emt 0:00:13]} Kg7 {[%emt 0:00:47]} 37. g4 {[%emt 0:01:03]} h5 {[%emt 0:01:42]} 38. Kf4 {[%emt 0:02:21]} h4 {[%emt 0:01:00]} 39. e5 {[%emt 0:00:17]} Re2 {[%emt 0:00:12]} 40. Kg5 {[%emt 0:00:59]} h3 {[%emt 0:00:36]} 41. f4 {[%emt 0:00:31]} h2 {[%emt 0:00:10]} 42. f5 {[%emt 0:01:00]} h1=Q {[%emt 0:00:27]} 0-1

[Event "FRA-ch Youth U16 2018"]
[Site "Agen"]
[Date "2018.04.21"]
[Round "8"]
[White "Conti, Anne-Marie"]
[Black "Herreman-Boutot, Louise"]
[Result "1-0"]
[WhiteElo "1865"]
[BlackElo "1719"]
[Annotator "NA"]
[PlyCount "59"]
[EventDate "2018.??.??"]
[EventType "swiss"]
[EventCountry "FRA"]
[SourceTitle "playchess.com"]
[Source "ChessBase"]
[SourceQuality "1"]
[TimeControl "5400+30"]

1. d4 {[%emt 0:00:00]} d5 {[%emt 0:00:10]} 2. c4 {[%emt 0:00:00]} dxc4 {[%emt 0:00:07]} 3. Nf3 {[%emt 0:00:01]} Nf6 {[%emt 0:00:13]} 4. g3 {[%emt 0:00:06]} e6 {[%emt 0:00:40]} 5. Bg2 {[%emt 0:00:15]} Be7 {[%emt 0:00:42]} 6. O-O {[%emt 0:00:52]} O-O {[%emt 0:00:49]} 7. Ne5 {[%emt 0:00:45]} c5 {[%emt 0:03:25]} 8. dxc5 {[%emt 0:02:03]} Bxc5 {[%emt 0:02:29]} 9. Nxc4 {[%emt 0:02:02]} Nbd7 {[%emt 0:09:47]} 10. Nc3 {[%emt 0:06:55] LiveBook: 3 Games} Qc7 {[%emt 0:05:06]} (10... Nb6 $14 11. Be3 Bxe3 12. Nxe3 Rb8) 11. Qb3 {[%emt 0:02:14]} a6 {[%emt 0:03:32]} 12. Rd1 {[%emt 0:06:59]} (12. Na4 $14) 12... Rb8 {[%emt 0:02:38]} 13. Bf4 {[%emt 0:08:35]} e5 $14 {[%emt 0:00:56]} 14. Bg5 {[%emt 0:05:07]} h6 {[%emt 0:07:05]} 15. Bxf6 {[%emt 0:03:43]} Nxf6 {[%emt 0:01:05]} 16. Rac1 {[%emt 0:01:46]} b5 {[%emt 0:02:48]} 17. Nd2 {[%emt 0:01:59]} Qe7 {[%emt 0:04:35]} 18. Nd5 {[%emt 0:06:17]} Nxd5 19. Bxd5 {[%emt 0:03:48]} Bb7 {[%emt 0:06:20]} 20. Bxb7 {[%emt 0:11:18]} Rxb7 {[%emt 0:00:26]} 21. Ne4 {[%emt 0:01:44]} Rc7 {[%emt 0:04:29]} 22. Nxc5 {[%emt 0:03:10]} Rxc5 {[%emt 0:00:10]} 23. Rxc5 {[%emt 0:00:27]} Qxc5 {[%emt 0:00:08]} 24. Rd5 {[%emt 0:01:14]} Qc1+ {[%emt 0:01:25]} 25. Kg2 {[%emt 0:00:50]} Qc6 {[%emt 0:01:06]} 26. f3 {[%emt 0:01:41]} Qe6 {[%emt 0:01:03]} 27. Qd3 {[%emt 0:00:40]} Rc8 {[%emt 0:04:33]} 28. a3 {[%emt 0:00:24]} Qc6 {[%emt 0:02:26]} 29. Rxe5 {[%emt 0:02:04]} Qc2 {[%emt 0:01:40]} 30. Re8+ {[%emt 0:00:19]} 1-0

[Event "FRA-ch Youth U16 2018"]
[Site "Agen"]
[Date "2018.04.21"]
[Round "8"]
[White "Francois, Gwladys"]
[Black "Bellahcene, Meriem"]
[Result "1/2-1/2"]
[WhiteElo "1765"]
[BlackElo "1862"]
[Annotator "NA"]
[PlyCount "114"]
[EventDate "2018.??.??"]
[EventType "swiss"]
[EventCountry "FRA"]
[SourceTitle "playchess.com"]
[Source "ChessBase"]
[SourceQuality "1"]
[TimeControl "5400+30"]

1. e4 {[%emt 0:00:00]} c5 {[%emt 0:00:03]} 2. Nf3 {[%emt 0:00:16]} Nc6 {[%emt 0:00:05]} 3. Bb5 {[%emt 0:01:05]} g6 {[%emt 0:00:13]} 4. Bxc6 {[%emt 0:01:02]} dxc6 {[%emt 0:00:03]} 5. d3 {[%emt 0:00:46]} Bg7 {[%emt 0:00:04]} 6. h3 {[%emt 0:01:19]} Nf6 {[%emt 0:00:32]} 7. Nc3 {[%emt 0:02:06]} O-O {[%emt 0:02:22]} 8. O-O {[%emt 0:02:46]} Nd7 {[%emt 0:02:06]} 9. Be3 {[%emt 0:02:04]} b6 {[%emt 0:01:04]} 10. Qd2 {[%emt 0:01:50]} e5 {[%emt 0:00:28]} 11. Bh6 {[%emt 0:02:37] LiveBook: 3 Games B31: Sicilian: 2...Nc6 3 Bb5 g6} Re8 {[%emt 0:01:24]} 12. Bxg7 {[%emt 0:00:47]} Kxg7 {[%emt 0:00:04]} 13. a4 {[%emt 0:02:26]} a5 {[%emt 0:02:50] [#]} 14. Ne2 $146 {[%emt 0:03:14]} ({Predecessor:} 14. Nh2 Nf8 15. f4 exf4 16. Qxf4 {½-½ (44) Holroyd,K (2533)-Oreopoulos,K (2497) ICCF email 2015}) 14... Nf8 {[%emt 0:03:28]} 15. b3 {[%emt 0:04:45]} Qd6 {[%emt 0:03:04]} 16. Nh2 {[%emt 0:01:30]} Ne6 {[%emt 0:11:42]} 17. f4 {[%emt 0:02:37]} exf4 {[%emt 0:09:47]} 18. Nxf4 {[%emt 0:00:36]} Nxf4 {[%emt 0:01:26]} 19. Qxf4 {[%emt 0:00:45]} Qxf4 {[%emt 0:06:57]} 20. Rxf4 {[%emt 0:00:11]} Ra7 {[%emt 0:01:19]} 21. Nf1 {[%emt 0:10:57]} Be6 {[%emt 0:11:52]} 22. Nd2 {[%emt 0:02:03]} b5 {[%emt 0:02:38]} 23. Rff1 {[%emt 0:06:28]} h6 {[%emt 0:09:36]} 24. Nb1 {[%emt 0:10:58]} b4 {[%emt 0:06:07]} 25. Nd2 {[%emt 0:00:23]} f5 {[%emt 0:00:36]} 26. Rae1 {[%emt 0:01:45]} Rae7 {[%emt 0:03:28]} 27. exf5 {[%emt 0:02:46]} Bxf5 {[%emt 0:00:20]} 28. Rxe7+ {[%emt 0:00:17]} Rxe7 {[%emt 0:00:01]} 29. Nc4 {[%emt 0:00:46]} Ra7 {[%emt 0:08:00]} 30. Re1 {[%emt 0:00:39]} Kf6 {[%emt 0:00:21]} 31. Re5 {[%emt 0:00:49]} Be6 {[%emt 0:00:15]} 32. Rxc5 {[%emt 0:01:01]} Bxc4 {[%emt 0:00:36]} 33. Rxc4 {[%emt 0:00:24]} Ra6 {[%emt 0:00:04]} 34. Rc5 {[%emt 0:02:08]} Ke6 {[%emt 0:00:04]} 35. Kf2 {[%emt 0:01:00]} Kd6 {[%emt 0:00:02]} 36. Rc4 {[%emt 0:00:15]} c5 {[%emt 0:00:32]} 37. Rg4 {[%emt 0:05:47]} Kd5 {[%emt 0:01:04]} 38. Re4 {[%emt 0:00:25]} Rf6+ {[%emt 0:02:52]} 39. Ke2 {[%emt 0:02:25]} Rf5 {[%emt 0:01:06]} 40. Rg4 {[%emt 0:01:59]} Re5+ {[%emt 0:03:40]} 41. Kd2 {[%emt 0:00:52]} g5 {[%emt 0:00:08]} 42. c3 {[%emt 0:01:55]} bxc3+ {[%emt 0:03:55]} 43. Kxc3 {[%emt 0:00:05]} Re2 {[%emt 0:00:18]} 44. h4 {[%emt 0:00:30]} Re5 {[%emt 0:01:34]} 45. hxg5 $18 {[%emt 0:01:12]} hxg5 {[%emt 0:00:54]} 46. Rg3 {[%emt 0:00:54]} Rf5 {[%emt 0:00:29]} 47. Rh3 {[%emt 0:08:04]} Rf2 {[%emt 0:00:28]} 48. Rg3 {[%emt 0:00:09]} Rf5 {[%emt 0:00:04]} 49. Rg4 {[%emt 0:00:04]} Re5 {[%emt 0:00:52]} 50. d4 {[%emt 0:01:11]} Re3+ {[%emt 0:01:09]} 51. Kd2 {[%emt 0:01:11]} Rxb3 {[%emt 0:00:29]} 52. dxc5 {[%emt 0:00:04]} Kxc5 {[%emt 0:00:22]} 53. Rxg5+ {[%emt 0:00:22]} Kb4 {[%emt 0:00:27]} 54. Rg4+ {[%emt 0:00:14]} Ka3 {[%emt 0:01:02]} 55. g3 {[%emt 0:00:33]} Rf3 {[%emt 0:01:40]} 56. Kc2 {[%emt 0:01:08]} Re3 {[%emt 0:00:16]} 57. Kd2 Rb3 1/2-1/2

[Event "FRA-ch Youth U16 2018"]
[Site "Agen"]
[Date "2018.04.22"]
[Round "9"]
[White "Travadon, Loic"]
[Black "Tomasi, Albert"]
[Result "1/2-1/2"]
[WhiteElo "2344"]
[BlackElo "2298"]
[Annotator "TA"]
[PlyCount "231"]
[EventDate "2018.??.??"]
[EventType "swiss"]
[EventCountry "FRA"]
[SourceTitle "playchess.com"]
[Source "ChessBase"]
[SourceQuality "1"]

{[%evp 20,231,30,25,26,22,23,26,18,16,17,19,13,19,19,-6,-8,-18,-18,-18,25,-32,-28,-35,-3,-3,-3,-3,-3,-3,-3,-3,0,0,23,48,55,13,13,-3,-3,-12,-3,-13,0,0,0,0,0,-3,0,-3,0,-3,0,-6,-2,-5,-3,-3,-2,-9,0,-14,-5,-8,-8,-11,-11,-12,-12,-12,-12,-57,-57,-57,-57,-57,-57,-57,0,-57,-27,-57,0,-57,-57,-101,-101,-121,-121,-121,-121,-121,-121,-121,-121,-121,-121,-121,-121,-121,-121,-121,-121,-121,-121,-121,-121,-121,-121,-121,-121,-121,-121,-121,-121,-121,-121,-121,-121,-121,-121,-121,-121,-121,-121,-121,-121,-121,-121,-121,0,-121,0,-121,0,-121,0,-121,0,-121,-121,-121,0,-121,0,-121,0,-121,-121,-121,-121,-121,-121,-121,0,-121,0,-121,-121,-121,0,-121,-121,-121,-121,-121,-121,-121,0,-121,0,-121,-121,-121,0,-121,0,-121,-121,-121,-121,-121,-121,-121,0,-121,0,-121,0,-121,-107,-107,-107,-172,-172,-172,-172,-172,-172,-172,0,-172,-172,-172,-172,-172,-172,-172,-172,-172,-172,-172]} 1. d4 Nf6 2. c4 g6 3. Nc3 d5 4. Nf3 Bg7 5. cxd5 Nxd5 6. e4 Nxc3 7. bxc3 c5 8. Rb1 O-O 9. Be2 b6 10. O-O Qc7 11. Qb3 {LiveBook: 4 Games. D85: Exchange Grünfeld: Unusual White 7th moves and lines with 7 Nf3} Nc6 {[%cal Rc5d4]} 12. dxc5 $146 ({Predecessor:} 12. Be3 Bg4 13. Rfd1 Rad8 14. Qa4 Na5 15. h3 Bd7 16. Qa3 cxd4 17. cxd4 Qd6 18. Qb2 Bc6 {1-0 (88) Bacrot,E (2705)-Kurnosov,I (2660) Germany 2013}) 12... bxc5 13. Be3 {White has an edge.} Ne5 14. Nxe5 Qxe5 15. Qd5 Be6 16. Qxe5 Bxe5 17. Bxc5 Rfc8 18. Bd4 Bxd4 19. cxd4 Rc2 20. Bf3 (20. Bd1 $11 Rxa2 21. d5) 20... Bxa2 $15 21. Rb7 Bc4 22. Ra1 a5 23. e5 Rd8 24. h3 Rxd4 25. Rxa5 Rdd2 26. Rc5 Rc1+ 27. Kh2 {Threatens to win with Rbc7.} Rxf2 28. Rxe7 Rcc2 $1 29. Kg3 Be6 30. Ra5 Ra2 31. Rb5 Rfb2 (31... Kg7 {keeps more tension.} 32. Rbb7 Kh6 33. Ra7 Rab2 34. Rab7 Rbc2) 32. Rxb2 Rxb2 $11 {[%mdl 4096] Endgame KRB-KRB} 33. Rb7 Ra2 34. Rb5 Rd2 35. Kf4 Kg7 36. Rb7 Ra2 37. Rb5 Ra4+ 38. Kg3 Rd4 39. Kf2 Rd3 40. Rc5 h5 41. Ke2 Rd7 42. Ke3 h4 43. Rc6 Ra7 44. Rc5 Ra2 45. Kf4 Kh6 46. Ke3 Kg5 47. Rb5 Ra3+ 48. Kf2 $1 Ra4 49. Ke3 Ra3+ 50. Kf2 $1 Rd3 51. Rb4 Ra3 52. Rb5 Rc3 53. Ra5 Kf4 54. Ra4+ Rc4 ({Much weaker is} 54... Kxe5 $6 55. Re4+ Kd6 56. Rxh4 $11) 55. Rxc4+ Bxc4 $17 {KB-KB} 56. Bd1 g5 57. Bc2 Kxe5 58. Ke3 Bd5 59. Kf2 Kf4 60. Bd1 f6 {[%cal Bf7f6,Bf6f5][%mdl 32]} 61. Be2 Be4 62. Bd1 Bd3 63. Bg4 f5 64. Bd1 Be4 65. Be2 Ba8 66. Bd3 Bb7 67. Be2 Bc6 68. Bd3 Bd5 69. Be2 Be4 70. Bd1 Ke5 71. Be2 Kd4 72. Bh5 Kd3 73. Be2+ Kd2 74. Bh5 Bc2 75. Bg6 Be4 76. Bh5 $1 Kd3 77. Be2+ $1 Kd4 (77... Kc3 $17 {And now ...Bd3 would win.} 78. Ba6 Kd4) 78. Bd1 (78. Bh5 $1 $11) 78... Ke5 79. Be2 $1 Kf4 80. Bd1 $1 Bd3 81. Ba4 Be4 82. Bd1 $1 Bd5 83. Be2 $1 Bc6 ({Better is} 83... Ke5 $17 {...Kf4 is the strong threat.} 84. g4 hxg3+ 85. Kxg3 Be6) 84. Bd1 (84. Bd3 $1 $11 g4 85. hxg4 fxg4 86. Be2) 84... Bb5 85. Bc2 Be8 86. Bd1 Bf7 87. Be2 Be8 88. Bd1 $1 Bb5 89. Bc2 $1 Bc4 90. Bd1 Bd3 (90... Ke5 $17 {aiming for ...Kf4.} 91. Bh5 Kf4) 91. Bb3 (91. Ba4 $1 $11 {was the only way to keep the balance.} g4 92. hxg4 fxg4 93. Bb3) 91... Ke5 92. Bd1 Bb5 93. Bc2 Bc6 94. Bd1 Be4 95. Be2 $1 Kd4 96. Bh5 Kc3 97. Bg6 Kd2 98. Bh5 $1 Bc2 99. Bg6 $1 Bd3 100. Bh5 Be4 101. Bg6 Kd3 102. Bh5 Kd4 103. Bd1 $1 Ke5 104. Be2 $1 Kf4 105. Bd1 $1 g4 106. hxg4 fxg4 107. g3+ (107. Be2 $17 {might work better.}) 107... hxg3+ $19 108. Kg1 Bf3 109. Ba4 Ke3 110. Bd7 Kf4 $2 {[#]} ({Black should try} 110... Be2 $19 {Strongly threatening ...Kf4.} 111. Ba4 Bf3) 111. Bc8 $2 (111. Ba4 $1 $11 {and White has nothing to worry.} Bb7 112. Bb5) 111... Kg5 {Black is clearly better.} 112. Bd7 Kh4 113. Bc8 Bc6 114. Bf5 Kh3 115. Be6 Be4 116. Bc8 {Precision: White = 69%, Black = 57%.} 1/2-1/2

[Event "FRA-ch Youth U16 2018"]
[Site "Agen"]
[Date "2018.04.22"]
[Round "9"]
[White "Harutyunyan, Ruben"]
[Black "Lux, Hugo De Melo"]
[Result "1-0"]
[WhiteElo "2305"]
[BlackElo "2195"]
[Annotator "TA"]
[PlyCount "55"]
[EventDate "2018.??.??"]
[EventType "swiss"]
[EventCountry "FRA"]
[SourceTitle "playchess.com"]
[Source "ChessBase"]
[SourceQuality "1"]

{[%evp 33,55,175,204,189,408,403,403,387,417,420,501,492,663,664,708,706,868,878,865,852,1041,1030,1003,971]} 1. e4 c5 2. Nf3 e6 3. d4 cxd4 4. Nxd4 a6 5. c4 Nf6 6. Nc3 Qc7 7. Be2 b6 8. Be3 Bb7 9. f3 d6 10. O-O Nbd7 11. Qd2 Be7 12. Rfc1 O-O 13. a4 {B41: Sicilian: Kan Variation: 5 c4} (13. b4 Rac8 14. Nb3 Qb8 15. Bf1 Rfe8 16. Qf2 Bd8 17. Na4 Ba8 18. c5 b5 19. Nc3 Bc7 20. g3 dxc5 21. Nxc5 Nxc5 22. bxc5 {1-0 (45) Nepomniachtchi,I (2729)-Ponkratov,P (2613) Riadh 2017}) 13... Rab8 14. a5 bxa5 15. Nb3 Ba8 16. Nxa5 Nc5 17. b4 Ncd7 {[#] LiveBook: 6 Games} 18. Nd5 $1 {[%mdl 512]} Qd8 $2 (18... exd5 19. cxd5 Qd8) 19. Nxe7+ $18 Qxe7 20. c5 dxc5 $146 ({Predecessor:} 20... d5 21. c6 Ne5 22. c7 Rbc8 23. Bc5 Qd7 24. Bxf8 Kxf8 25. Qd4 {1-0 (25) Kalinitschew,S (2394)-Boettcher,P (2169) Kreuzberg 2016}) 21. bxc5 {[%cal Bb4c5,Bc5c6][%mdl 32]} Rfc8 22. c6 {White is clearly winning.} Nf8 23. Bxa6 Rc7 24. Bc5 Qd8 25. Qxd8 Rxd8 26. Bb6 Rdc8 27. Bxc7 Rxc7 28. Bb7 1-0